000 00786nam a22002177a 4500
005 20141030152815.0
010 _aENG-109898
020 _c175.00
_a9789350941782
035 _aEN-93431
035 _aB-535585-608
037 _bDBAD/PUB
037 _bUBH/Ven
_adpl
082 _a530
100 _aBhatnagar, Nipendra
245 0 0 _aHandbook Physics :
_cby Nipendra Bhatnagar
_bhighly important for class XI and XII students, engineering and medical entrances and other competitions aspirants /
260 _aMeerut
_bArihant Prakashan
_c(201?)
270 _aKalindi, TP Nagar
_bMeerut
_e250002
300 _a359p.:
_c22cm(pbk)
_bill
942 _2ddc
_cEN
_mBHA
_h530
999 _c83906
_d83906